| 000 | 00365nam a22001457a 4500 | ||
|---|---|---|---|
| 999 |
_c1871 _d1871 |
||
| 008 | 200205b ||||| |||| 00| 0 eng d | ||
| 082 | 0 | 0 |
_a656 _bB5541 |
| 100 |
_91481 _aBes, J. |
||
| 245 | 1 | 0 |
_aChartering and shipping terms / _cby J Bes |
| 250 | _a2nd ed. | ||
| 260 |
_aLondon : _bBarker & Howard ltd, _c1951. |
||
| 300 | _a345p. | ||
| 650 | 0 | _aShipping | |
| 942 | _cBK | ||